ロード中...
The Jataka or stories of the Buddha`s former births
| 第一著者: | |
|---|---|
| フォーマット: | Printed Book |
| 出版事項: |
New Delhi, Motilal Banarasidass publishers
1990
|
| シリーズ: | 3-4
|
| 主題: |
| LEADER | 005480000a22001690004500 | ||
|---|---|---|---|
| 020 | |a 81-208-0727-8 | ||
| 082 | |a 294.382 325 N0.2 | ||
| 100 | |a Cowell, E B; Ed | ||
| 245 | |a The Jataka or stories of the Buddha`s former births | ||
| 260 | |a New Delhi, Motilal Banarasidass publishers | ||
| 260 | |c 1990 | ||
| 465 | |a R 900 | ||
| 490 | |a 3-4 | ||
| 650 | |a Buddhist stories | ||
| 942 | |c BK | ||
| 999 | |c 18744 |d 18744 | ||
| 952 | |0 0 |1 0 |4 0 |6 294_382000000000000_325_N0_2 |7 0 |8 ENG |9 18557 |a MGUL |b MGUL |d 2013-07-16 |e R 900 |l 0 |o 294.382 325 N0.2 |p 29481 |r 2013-07-16 |w 2013-07-16 |y BK | ||